| 000 | 00638nam a2200217 i 4500 | ||
|---|---|---|---|
| 001 | bgj | ||
| 100 | 1 | _aCOX, Jeff. | |
| 245 | 1 | 0 |
_aLandscaping with nature : _busing nature's designs to plan your yard / _cJeff Cox. |
| 260 |
_aEmmaus, Pa : _bRodale Press, _cc. 1991. |
||
| 300 |
_aVII, 344 pp : _bdrawings, photos (col.) ; _c24 cm. |
||
| 504 | _aBibliography p. 331-332. | ||
| 505 | _aIncludes index. | ||
| 650 | 9 | _aLandscape gardening | |
| 650 | 9 | _aGardening to attract wildlife | |
| 020 | _a0878579117 | ||
| 040 | _cBPK | ||
| 041 | 0 | _aeng | |
| 920 | _a0-87857-911-7 | ||
| 942 | _cKS | ||
| 008 | s uk f |000 0 eng | ||
| 999 |
_c47548 _d47548 |
||